La historia de Rasselas, príncipe de Abisinia / (Registro nro. 4160)
[ vista simple ]
| 000 -LEADER | |
|---|---|
| fixed length control field | 00956nam a2200241Ia 4500 |
| 003 - CONTROL NUMBER IDENTIFIER | |
| control field | OSt |
| 005 - DATE AND TIME OF LATEST TRANSACTION | |
| control field | 20250714105237.0 |
| 008 - FIXED-LENGTH DATA ELEMENTS--GENERAL INFORMATION | |
| fixed length control field | 191128s2011 ck er 000 f spa d |
| 020 ## - INTERNATIONAL STANDARD BOOK NUMBER | |
| International Standard Book Number | 9789588471464 |
| 040 ## - CATALOGING SOURCE | |
| Original cataloging agency | CO-JMCR |
| Transcribing agency | CO-JMCR |
| 041 ## - LANGUAGE CODE | |
| Language code of text/sound track or separate title | spa |
| 082 04 - DEWEY DECIMAL CLASSIFICATION NUMBER | |
| Classification number | A-N |
| Item number | JOHh |
| 100 1# - MAIN ENTRY--PERSONAL NAME | |
| Personal name | Johnson, Samuel, |
| Dates associated with a name | 1709-1784 |
| Relator term | autor |
| 9 (RLIN) | 7372 |
| 245 13 - TITLE STATEMENT | |
| Title | La historia de Rasselas, príncipe de Abisinia / |
| Statement of responsibility, etc. | Samuel Johnson |
| 250 ## - EDITION STATEMENT | |
| Edition statement | Primera edición |
| 260 ## - PUBLICATION, DISTRIBUTION, ETC. | |
| Place of publication, distribution, etc. | Bogotá : |
| Name of publisher, distributor, etc. | Alcaldía Mayor de Bogotá, |
| Date of publication, distribution, etc. | 2011 |
| 300 ## - PHYSICAL DESCRIPTION | |
| Extent | 165 páginas ; |
| Dimensions | 17 cm. |
| 490 0# - SERIES STATEMENT | |
| Series statement | Libro al viento |
| 500 ## - GENERAL NOTE | |
| General note | incluye tabla de contenido |
| 505 ## - FORMATTED CONTENTS NOTE | |
| Formatted contents note | Descripción de un palacio en un valle -- descontento de Rasselas en el valle de la felicidad -- las necesidades del que nada necesita -- el príncipe sigue apesadumbrado y pensativo -- el príncipe medita sobre su fuga -- un trato sobre el arte de volar. |
| 650 14 - SUBJECT ADDED ENTRY--TOPICAL TERM | |
| Topical term or geographic name entry element | Novela inglesa |
| Chronological subdivision | siglo XVIII |
| 9 (RLIN) | 7374 |
| 942 ## - ADDED ENTRY ELEMENTS (KOHA) | |
| Source of classification or shelving scheme | Dewey Decimal Classification |
| Koha item type | Books |
No hay ítems disponibles.